| Tag |
First Indicator |
Second Indicator |
Subfields |
| LEADER |
00000cam a2200000 4500 |
| 001 |
in00000694413 |
| 005 |
20151016054724.0 |
| 008 |
740321s1952 nyubc 00000 eng u |
| 010 |
|
|
|a 52008054
|
| 035 |
|
|
|a (OCoLC)00837797
|
| 035 |
|
|
|9 ADC5109AM
|
| 040 |
|
|
|c VTU
|d TXA
|d UtOrBLW
|
| 041 |
1 |
|
|a eng
|a und
|
| 049 |
|
|
|a TXAS [mil]
|
| 050 |
|
0 |
|a D761
|b W493 1952
|
| 082 |
0 |
|
|a 940.5344
|a 944.081*
|
| 092 |
|
|
|a 940.5344
|b W547r
|
| 100 |
1 |
|
|a Weygand, Maxime,
|d 1867-1965.
|
| 245 |
1 |
0 |
|a Recalled to service :
|b the memoirs of General Maxime Weygand /
|c translated by E.W. Dickes.
|
| 250 |
|
|
|a 1st ed.
|
| 264 |
|
1 |
|a Garden City, N.Y. :
|b Doubleday,
|c 1952.
|
| 300 |
|
|
|a xiii, 454 pages :
|b illustrations, maps ;
|c 22 cm.
|
| 336 |
|
|
|a text
|b txt
|2 rdacontent
|
| 337 |
|
|
|a unmediated
|b n
|2 rdamedia
|
| 338 |
|
|
|a volume
|b nc
|2 rdacarrier
|
| 650 |
|
0 |
|a World War, 1939-1945
|z France.
|
| 650 |
|
0 |
|a World War, 1939-1945
|x Campaigns.
|
| 650 |
|
0 |
|a World War, 1939-1945
|z Africa.
|
| 999 |
|
|
|a MARS
|
| 999 |
f |
f |
|s 040a8ed5-1f9e-34e4-9e9b-add920169442
|i 237248a3-b1db-3777-abf0-3ca036ff63f9
|t 0
|
| 952 |
f |
f |
|p noncirc
|a Texas A&M University
|b College Station
|c Cushing Memorial Library & Archives
|d Cushing: Ragan Military (Does not check out)
|t 0
|e D761 .W493 1952
|h Library of Congress classification
|i unmediated -- volume
|m A14852156323
|
| 998 |
f |
f |
|a D761 .W493 1952
|t 0
|l Cushing: Ragan Military (Does not check out)
|